Wege und Umwege : streitbare Schriften aus funf Jahrzehnten /

Bibliographic Details
Main Author: Heym, Stefan, 1913-2001
Other Authors: Mallwitz, Peter
Format: Book
Language:German
Published: Munchen : C. Bertelsmann Verlag, 1980.

MARC

Tag First Indicator Second Indicator Subfields
LEADER 00000cam a2200000 a 4500
001 in00000091422
005 20151008063937.0
008 801204s1980 gw 00010 ger d
020 |a 3570007952 
035 |a (OCoLC)06997732 
035 |9 AAK3227AM 
040 |a SYB  |c SYB  |d m.c.  |d OCL  |d TXA  |d UtOrBLW 
049 |a TXAM  |c [1329246] 
090 |a PT2617.E948  |b W43 
100 1 |a Heym, Stefan,  |d 1913-2001. 
245 1 0 |a Wege und Umwege :  |b streitbare Schriften aus funf Jahrzehnten /  |c Stefan Heym ; herausgegeben von Peter Mallwitz. 
264 1 |a Munchen :  |b C. Bertelsmann Verlag,  |c 1980. 
300 |a 399 pages ;  |c 21 cm. 
336 |a text  |b txt  |2 rdacontent 
337 |a unmediated  |b n  |2 rdamedia 
338 |a volume  |b nc  |2 rdacarrier 
700 1 |a Mallwitz, Peter. 
999 |a MARS 
999 f f |s b27c790c-a618-3978-978b-c91226b6b8c6  |i a743b16c-2028-3d90-918f-7a5245125729  |t 0 
952 f f |p normal  |a Texas A&M University  |b College Station  |c Sterling C. Evans Library  |d Evans: Library Stacks  |t 0  |e PT2617.E948 W43  |h Library of Congress classification  |i unmediated -- volume  |m A14806194765 
998 f f |a PT2617.E948 W43  |t 0  |l Evans: Library Stacks